01327nam a2200337Ia 4500001001200000003000800012006001900020007001500039008004100054010001700095020001500112020002800127040002100155035002100176050002700197082001600224100002800240245009700268260003600365300002300401490004400424504005100468533015200519650002800671650003600699650003700735655002900772710001700801830004500818856012600863ebr10082039CaPaEBRm u cr cn|||||||||030721s2003 maua sb 001 0 eng d z 2003058862 z1580536492 z1580536484 (alk. paper) aCaPaEBRcCaPaEBR a(OCoLC)55983874814aTK5105.75b.Z34 2003eb04a004.6/82221 aZahariadis, Theodore B.10aHome networking technologies and standardsh[electronic resource] /cTheodore B. Zahariadis. aBoston :bArtech House,cc2003. axv, 186 p. :bill.1 aArtech House telecommunications library aIncludes bibliographical references and index. aElectronic reproduction.bPalo Alto, Calif. :cebrary,d2009.nAvailable via World Wide Web.nAccess may be limited to ebrary affiliated libraries. 0aHome computer networks. 0aWireless communication systems. 0aBroadband communication systems. 7aElectronic books.2local2 aebrary, Inc. 0aArtech House telecommunications library.40uhttp://site.ebrary.com/lib/rucke/Doc?id=10082039zAn electronic book accessible through the World Wide Web; click to view